<?xml version="1.0" encoding="UTF-8"?>
<record
    xmlns:xsi="http://www.w3.org/2001/XMLSchema-instance"
    xsi:schemaLocation="http://www.loc.gov/MARC21/slim http://www.loc.gov/standards/marcxml/schema/MARC21slim.xsd"
    xmlns="http://www.loc.gov/MARC21/slim">

  <leader>00501nam a22001817a 4500</leader>
  <controlfield tag="005">20250306090347.0</controlfield>
  <controlfield tag="008">250306b        |||||||| |||| 00| 0 eng d</controlfield>
  <datafield tag="040" ind1=" " ind2=" ">
    <subfield code="a">IN-DiNC</subfield>
    <subfield code="c">IN-DiNC</subfield>
  </datafield>
  <datafield tag="041" ind1=" " ind2=" ">
    <subfield code="d">asm</subfield>
  </datafield>
  <datafield tag="082" ind1=" " ind2=" ">
    <subfield code="a">891.4511</subfield>
    <subfield code="b">ASA</subfield>
  </datafield>
  <datafield tag="245" ind1=" " ind2=" ">
    <subfield code="a">Asamiya kabitar chaneki (Major6)/</subfield>
    <subfield code="c">ed. by Budheswar Borah</subfield>
  </datafield>
  <datafield tag="250" ind1=" " ind2=" ">
    <subfield code="a">1st ed.</subfield>
  </datafield>
  <datafield tag="260" ind1=" " ind2=" ">
    <subfield code="a">Dibrugarh:</subfield>
    <subfield code="b">Kaustubh prakashan,</subfield>
    <subfield code="c">2022.</subfield>
  </datafield>
  <datafield tag="300" ind1=" " ind2=" ">
    <subfield code="a">159p.</subfield>
  </datafield>
  <datafield tag="650" ind1=" " ind2=" ">
    <subfield code="a">Assamese poetry (Major6)</subfield>
  </datafield>
  <datafield tag="700" ind1=" " ind2=" ">
    <subfield code="a">Borah, Budheswar</subfield>
    <subfield code="e">author</subfield>
  </datafield>
  <datafield tag="942" ind1=" " ind2=" ">
    <subfield code="2">ddc</subfield>
    <subfield code="c">BK</subfield>
  </datafield>
  <datafield tag="999" ind1=" " ind2=" ">
    <subfield code="c">12158</subfield>
    <subfield code="d">12158</subfield>
  </datafield>
  <datafield tag="952" ind1=" " ind2=" ">
    <subfield code="0">0</subfield>
    <subfield code="1">0</subfield>
    <subfield code="2">ddc</subfield>
    <subfield code="4">0</subfield>
    <subfield code="7">0</subfield>
    <subfield code="8">ASM</subfield>
    <subfield code="a">MAIN</subfield>
    <subfield code="b">MAIN</subfield>
    <subfield code="c">GEN</subfield>
    <subfield code="d">2025-03-06</subfield>
    <subfield code="g">150.00</subfield>
    <subfield code="l">0</subfield>
    <subfield code="o">891.4511 ASA</subfield>
    <subfield code="p">30736</subfield>
    <subfield code="r">2025-03-06 09:05:35</subfield>
    <subfield code="t">1</subfield>
    <subfield code="w">2025-03-06</subfield>
    <subfield code="y">BK</subfield>
  </datafield>
  <datafield tag="952" ind1=" " ind2=" ">
    <subfield code="0">0</subfield>
    <subfield code="1">0</subfield>
    <subfield code="2">ddc</subfield>
    <subfield code="4">0</subfield>
    <subfield code="7">0</subfield>
    <subfield code="8">ASM</subfield>
    <subfield code="a">MAIN</subfield>
    <subfield code="b">MAIN</subfield>
    <subfield code="c">GEN</subfield>
    <subfield code="d">2025-03-06</subfield>
    <subfield code="g">150.00</subfield>
    <subfield code="l">1</subfield>
    <subfield code="o">891.4511 ASA</subfield>
    <subfield code="p">30737</subfield>
    <subfield code="r">2026-02-11 06:10:58</subfield>
    <subfield code="s">2026-02-02</subfield>
    <subfield code="t">2</subfield>
    <subfield code="w">2025-03-06</subfield>
    <subfield code="y">BK</subfield>
  </datafield>
  <datafield tag="952" ind1=" " ind2=" ">
    <subfield code="0">0</subfield>
    <subfield code="1">0</subfield>
    <subfield code="2">ddc</subfield>
    <subfield code="4">0</subfield>
    <subfield code="7">0</subfield>
    <subfield code="8">ASM</subfield>
    <subfield code="a">MAIN</subfield>
    <subfield code="b">MAIN</subfield>
    <subfield code="c">GEN</subfield>
    <subfield code="d">2025-03-06</subfield>
    <subfield code="g">150.00</subfield>
    <subfield code="l">1</subfield>
    <subfield code="o">891.4511 ASA</subfield>
    <subfield code="p">30738</subfield>
    <subfield code="r">2026-03-09 07:32:45</subfield>
    <subfield code="s">2026-02-26</subfield>
    <subfield code="t">3</subfield>
    <subfield code="w">2025-03-06</subfield>
    <subfield code="y">BK</subfield>
  </datafield>
  <datafield tag="952" ind1=" " ind2=" ">
    <subfield code="0">0</subfield>
    <subfield code="1">0</subfield>
    <subfield code="2">ddc</subfield>
    <subfield code="4">0</subfield>
    <subfield code="7">0</subfield>
    <subfield code="8">ASM</subfield>
    <subfield code="a">MAIN</subfield>
    <subfield code="b">MAIN</subfield>
    <subfield code="c">GEN</subfield>
    <subfield code="d">2025-03-06</subfield>
    <subfield code="g">150.00</subfield>
    <subfield code="l">1</subfield>
    <subfield code="o">891.4511 ASA</subfield>
    <subfield code="p">30739</subfield>
    <subfield code="r">2025-04-10 06:43:57</subfield>
    <subfield code="s">2025-03-29</subfield>
    <subfield code="t">4</subfield>
    <subfield code="w">2025-03-06</subfield>
    <subfield code="y">BK</subfield>
  </datafield>
  <datafield tag="952" ind1=" " ind2=" ">
    <subfield code="0">0</subfield>
    <subfield code="1">0</subfield>
    <subfield code="2">ddc</subfield>
    <subfield code="4">0</subfield>
    <subfield code="7">0</subfield>
    <subfield code="8">ASM</subfield>
    <subfield code="a">MAIN</subfield>
    <subfield code="b">MAIN</subfield>
    <subfield code="c">GEN</subfield>
    <subfield code="d">2025-03-06</subfield>
    <subfield code="g">150.00</subfield>
    <subfield code="l">0</subfield>
    <subfield code="o">891.4511 ASA</subfield>
    <subfield code="p">30740</subfield>
    <subfield code="r">2025-03-06 09:05:35</subfield>
    <subfield code="t">5</subfield>
    <subfield code="w">2025-03-06</subfield>
    <subfield code="y">BK</subfield>
  </datafield>
</record>
